Nationalism in contemporary Latin America /

Bibliographic Details
Main Author: Whitaker, Arthur Preston, 1895-1979
Other Authors: Jordan, David C.
Format: Book
Language:English
Published: New York : Free Press, [1966]
Series:Studies in contemporary Latin America.
Subjects:

MARC

Tag First Indicator Second Indicator Subfields
LEADER 00000cam a22000001 4500
001 in00000039059
005 20151007081457.0
008 711012s1966 nyu b 00010 eng
010 |a  66012891  
035 |a (OCoLC)00491910 
035 |9 AAF6442AM 
040 |a DLC  |c DLC  |d TXA  |d UtOrBLW 
043 |a cl----- 
049 |a TXAM  |c [460495] 
050 0 0 |a F1414  |b .W5 
082 0 |a 320.98 
092 |a 320.98  |b W577n 
100 1 |a Whitaker, Arthur Preston,  |d 1895-1979. 
245 1 0 |a Nationalism in contemporary Latin America /  |c [by] Arthur P. Whitaker and David C. Jordan. 
264 1 |a New York :  |b Free Press,  |c [1966] 
300 |a ix, 229 pages ;  |c 22 cm. 
336 |a text  |b txt  |2 rdacontent 
337 |a unmediated  |b n  |2 rdamedia 
338 |a volume  |b nc  |2 rdacarrier 
490 1 |a Studies in contemporary Latin America 
504 |a Bibliography: pages 205-220. 
650 0 |a Nationalism  |z Latin America. 
700 1 |a Jordan, David C. 
830 0 |a Studies in contemporary Latin America. 
999 |a MARS 
999 f f |s 0f86aa8e-c096-35a6-ad19-a63218c180cb  |i e7d13bfe-6a45-38ea-8ddf-5b51b81675c7  |t 0 
952 f f |p ric  |a Texas A&M University  |b Rellis Campus  |c Joint Library Facility  |d Remote Storage  |t 0  |e F1414 .W5  |h Library of Congress classification  |i unmediated -- volume  |m A14800661269 
998 f f |a F1414 .W5  |t 0  |l Remote Storage